Statistics for eternal sunshine - Ariana Grande (tracklist)

Click here to take the quiz!

General Stats

  • This quiz has been taken 35 times
  • The average score is 12 of 13

Answer Stats

Answer% Correct
2.bye
100%
5.eternal sunshine
100%
12.imperfect for you
100%
8.the boy is mine
100%
1.intro (end of the world)
97%
10.we can't be friends (wait for your love)
97%
13.ordinary things (feat. Nonna)
91%
4.Saturn Returns Interlude
91%
3.don't wanna break up again
88%
6.supernatural
88%
7.true story
88%
11.i wish i hated you
84%
9.yes, and?
84%

Score Distribution

Percentile by Number Answered

Percent of People with Each Score

Your Score History

You have not taken this quiz